000 01061nam a2200277Ia 4500
003 OSt
005 20221005111649.0
006 a|||||r|||| 00| 0
007 ta
008 221004b |||||||| |||| 00| 0 hin d
020 _a9788192662589 (hbk)
_cIndian Rupees 200
024 _a35475
037 _bGift, 31/01/2018,
_cTextual
040 _aCRL
_cCRL
_bhin
041 _2hin
_ahin
082 _aO152,3N533x, Q4
100 _aशर्मा, हरिशंकर, ले.
245 0 _aपं. राधेश्याम कथावाचक सफ़र एक सदी का
246 _aPan rādheshyām kathāvāchak saफ़r ek sadī kā
260 _aपिलानी
_bकार्तिक प्रकाशन भारत
_c2014
300 _a112पृ0
_ccm.
650 _a हिन्दी साहित्य
650 _aहिन्दी कहानी
942 _hO152,3N533x, Q4
_cTEXL
_2cc
999 _c1022499
_d1022499